Guida agli archivi lesbici

שמור ב:
מידע ביבליוגרפי
מחבר תאגידי: CLI - Centro Femminista Separatista
פורמט: Conference Proceeding ספר
שפה:אנגלית
תגים: הוספת תג
אין תגיות, היה/י הראשונ/ה לתייג את הרשומה!

MARC

LEADER 00000nam a2200000 4500
001 CDOM0000003787
003 mi
005 20251017202733.0
008 250729b |||||||| |||| 00| 0 eng d
040 |c mi 
245 1 |a Guida agli archivi lesbici  
711 |a CLI - Centro Femminista Separatista 
942 |2 ddc  |c BK 
952 |0 0  |1 0  |2 ddc  |4 0  |7 0  |9 6998  |a MI  |b MI  |d 2009-08-31  |i 5513  |l 0  |p CDOM5513  |r 2025-07-13 16:28:00  |w 2025-07-13  |x DONO  |y BK 
999 |c 5715  |d 5715